000 00736nam a2200205 a 4500
001 000006242
005 20200929153915.0
008 090827s1978 dr c r 000 0 spa d
040 _aDO-SdBNP
_bspa
_cBNPHU
082 _a370
_bM821d
100 1 _aMoore Garrido, Carmen Ena
_917436
245 1 0 _a¿A dónde fue la educación? /
_cCarmen Ena Moore Garrido.
260 _aSanto Domingo :
_bTaller,
_c1978.
300 _a111 p. :
_bretr. ;
_c20 cm.
500 _aIncluye datos biográficos de la autora en la solapa de la cubierta
500 _aIncluye referencias bibliográficas y notas al pie de las páginas
590 _aInventariado, 2019/BT
650 4 _aEducación
_zRepública Dominicana
_9737
650 4 _aEspañol
_xHistoria
_93903
999 _c6037
_d6037